Statistics for Match the Art Movement and the Piece

Click here to take the quiz!

General Stats

  • This quiz has been taken 32 times
  • The average score is 5 of 12

Answer Stats

Answer% Correct
Claude Monet, Haystacks, (sunset), 1890–1891, Museum of Fine Arts, Boston, Impressionism
92%
Gustave Courbet, Stone-Breakers, 1849, Realist School
76%
Eugène Delacroix, Liberty Leading the People 1830, Romanticism
72%
Edvard Munch, The Scream, early example of Expressionism
68%
Marcel Duchamp, Fountain, 1917, photograph by Alfred Stieglitz, Dada
64%
Vincent van Gogh, The Starry Night, 1889, Post-Impressionism
60%
Jacques-Louis David, The Coronation of Napoleon, (1806), Musée du Louvre, Neoclassicism
28%
Piet Mondrian, Tableau I, 1921, De Stijl
24%
Kazimir Malevich, (Supremus No. 58), Museum of Art, 1916, Suprematism
16%
Jean-Baptiste-Camille Corot, c. 1867, Ville d'Avray National Gallery of Art, Washington, D.C., Barbizon School
8%
Thomas Cole, The Course of Empire: The Savage State, 1836, Hudson River School
8%
Wassily Kandinsky, 1903, Der Blaue Reiter painting, Der Blaue Reiter
8%

Score Distribution

Percentile by Number Answered

Percent of People with Each Score

Your Score History

You have not taken this quiz